L’axe du narcissisme dans l’approche clinique contemporaine (notice n° 1887610)

détails MARC
000 -LEADER
fixed length control field 01750cam a2200181 4500500
005 - DATE AND TIME OF LATEST TRANSACTION
control field 20260329014247.0
041 ## - LANGUAGE CODE
Language code of text/sound track or separate title fre
042 ## - AUTHENTICATION CODE
Authentication code dc
100 10 - MAIN ENTRY--PERSONAL NAME
Personal name Bourgeois, Didier
Relator term author
245 00 - TITLE STATEMENT
Title L’axe du narcissisme dans l’approche clinique contemporaine
260 ## - PUBLICATION, DISTRIBUTION, ETC.
Date of publication, distribution, etc. 2006.<br/>
500 ## - GENERAL NOTE
General note 46
520 ## - SUMMARY, ETC.
Summary, etc. Devant les difficultés du psychiatre burkinabé formé dans les écoles occidentales à prendre en charge des patients présentant des hallucinations, nous avons fait une étude sur le contexte culturel des hallucinations chez les Moose. Nous avons réalisé des entretiens semi-structurés avec 43 accompagnants de patients hospitalisés présentant des hallucinations, 22 guérisseurs traditionnels et 19 personnes ressources (sages du village). Pour les Moose, l’hallucination est un symptôme non pathologique. Il est considéré chez eux comme un pouvoir mystique et n’est jamais traité. Il est alors important que les psychiatres modernes prennent en considération le sens culturel de certains symptômes.
520 ## - SUMMARY, ETC.
Summary, etc. In front of the difficulties we had to treat patients with hallucinations, we carried out a study of cultural context of hallucinations among the moose. We interviewed 43 patient-accompagnants, 22 traditional therapists and 19 ressource persons. Moose consider hallucinations as a non pathological symptom, it’s culturally admited like a mystic power. So it’s never treated. Modern therapists in Africa must pay attention to the cultural symbolism and meaning of hallucinations.
700 10 - ADDED ENTRY--PERSONAL NAME
Personal name Bigot, Nouzha
Relator term author
786 0# - DATA SOURCE ENTRY
Note Psy Cause | 46 | 4 | 2006-01-03 | p. 16-22 | 1245-2394
856 41 - ELECTRONIC LOCATION AND ACCESS
Uniform Resource Identifier <a href="https://shs.cairn.info/revue-psy-cause-2006-4-page-16?lang=fr&redirect-ssocas=7080">https://shs.cairn.info/revue-psy-cause-2006-4-page-16?lang=fr&redirect-ssocas=7080</a>

Pas d'exemplaire disponible.

PLUDOC

PLUDOC est la plateforme unique et centralisée de gestion des bibliothèques physiques et numériques de Guinée administré par le CEDUST. Elle est la plus grande base de données de ressources documentaires pour les Étudiants, Enseignants chercheurs et Chercheurs de Guinée.

Adresse

627 919 101/664 919 101

25 boulevard du commerce
Kaloum, Conakry, Guinée

Réseaux sociaux

Powered by Netsen Group @ 2025